Nultá hodina /
Román odehrávající se v době těsně po druhé světové válce líčí návrat hlavní hrdinky do vlasti, kde už nic není takové jako dřív, a ona může jen bezmocně přihlížet bouřlivým společenským změnám.
Uloženo v:
| Hlavní autor: | |
|---|---|
| Další autoři: | , |
| Médium: | E-audiokniha |
| Jazyk: | Czech |
| Vydáno: |
Praha :
Voxi,
[2024]
|
| Témata: | |
| Tagy: |
Žádné tagy |
| LEADER | 05440nim a2201069 i 4500 | ||
|---|---|---|---|
| 001 | 313195 | ||
| 003 | CZ PrSKC | ||
| 005 | 20260601215737.0 | ||
| 007 | sd fungnnmmned | ||
| 008 | 240322t20242024xr nnnng f n cze | ||
| 015 | |a cnb003596782 | ||
| 024 | 3 | |a 8594050437517 | |
| 040 | |a ABA001 |b cze |e rda | ||
| 072 | 7 | |a 821.162.3-3 |x Česká próza |2 Konspekt | |
| 080 | |a 821.162.3-31 |2 MRF | ||
| 080 | |a (0:82-31) |2 MRF | ||
| 080 | |a (086.7)08 |2 MRF | ||
| 080 | |a (086.76) |2 MRF | ||
| 100 | 1 | |a Poncarová, Jana, |d 1983- |7 xx0228679 |4 aut | |
| 245 | 1 | 0 | |a Nultá hodina / |c Jana Poncarová |
| 264 | 1 | |a Praha : |b Voxi, |c [2024] | |
| 264 | 4 | |c ©2024 | |
| 300 | |a 1 audiodisk (9 hod., 24 min.) ; |c 12 cm | ||
| 306 | |a 092400 | ||
| 336 | |a mluvené slovo |b spw |2 rdacontent | ||
| 337 | |a audio |b s |2 rdamedia | ||
| 338 | |a audiodisk |b sd |2 rdacarrier | ||
| 344 | |a digital |b optical |2 rda | ||
| 347 | |a audio soubor |b MP3 |2 rda | ||
| 500 | |a Název z disku | ||
| 500 | |a Copyright Albatros Media | ||
| 500 | |a Podle stejnojmenné knihy vydané nakladatelstvím Motto v roce 2023 | ||
| 500 | |a Nezkrácená audiokniha ve formátu MP3 | ||
| 508 | |a Režie Helena Rytířová | ||
| 511 | 0 | |a Čte Dana Černá | |
| 520 | 2 | |a Román odehrávající se v době těsně po druhé světové válce líčí návrat hlavní hrdinky do vlasti, kde už nic není takové jako dřív, a ona může jen bezmocně přihlížet bouřlivým společenským změnám. |b Hedvika se vrací do poválečného Československa po sedmi letech, které prožila v Londýně a ve vojenské službě v Africe. Z trosek se snaží znovu vystavět svůj někdejší život, postupně však zjišťuje, že jednotlivé dílky se poztrácely a nic už není jako dřív. Hrůzy války a léta odloučení ji s manželem odcizily, a do cesty jí navíc vkročil jiný muž. Hedvika mezitím bezmocně pozoruje, jak v její vlasti jednu totalitu střídá druhá. Podaří se jí vystoupit z neklidného bezčasí nulté hodiny? Nakladatelská anotace. | |
| 655 | 7 | |a české romány |7 fd133974 |2 czenas | |
| 655 | 7 | |a audioknihy |7 fd119452 |2 czenas | |
| 655 | 7 | |a kompaktní disky |7 fd201991 |2 czenas | |
| 700 | 1 | |a Rytířová, Helena, |d 1951- |7 mzk2008473203 |4 drt | |
| 700 | 1 | |a Černá, Dana, |d 1970- |7 xx0063282 |4 nrt | |
| 900 | |a ABA001 |b 18 | ||
| 044 | |a xr | ||
| 505 | 0 | 0 | |t 1946 Nova Hut u Dysiny - cast 1 (31 min., 21 sek.) |
| 505 | 0 | 0 | |t 1946 Nova Hut u Dysiny - cast 2 (14 min., 11 sek.) |
| 505 | 0 | 0 | |t 1946 Nova Hut u Dysiny - cast 3 (17 min., 51 sek.) |
| 505 | 0 | 0 | |t 1946 Nova Hut u Dysiny - cast 4 (10 min., 34 sek.) |
| 505 | 0 | 0 | |t 1946 Nova Hut u Dysiny - cast 5 (16 min., 6 sek.) |
| 505 | 0 | 0 | |t 1946 Nova Hut u Dysiny - cast 6 (22 min., 11 sek.) |
| 505 | 0 | 0 | |t 1946 Nova Hut u Dysiny - cast 7 (16 min., 6 sek.) |
| 505 | 0 | 0 | |t 1946 Nova Hut u Dysiny - cast 8 (13 min., 5 sek.) |
| 505 | 0 | 0 | |t 1946 Nova Hut u Dysiny - cast 9 (23 min., 31 sek.) |
| 505 | 0 | 0 | |t 1946 Nova Hut u Dysiny - cast 10 (10 min., 3 sek.) |
| 505 | 0 | 0 | |t 1946 Nova Hut u Dysiny - cast 11 (5 min., 49 sek.) |
| 505 | 0 | 0 | |t 1946 Nova Hut u Dysiny - cast 12 (8 min., 48 sek.) |
| 505 | 0 | 0 | |t 1946 Nova Hut u Dysiny - cast 13 (9 min., 22 sek.) |
| 505 | 0 | 0 | |t 1947 Praha - cast 1 (10 min., 15 sek.) |
| 505 | 0 | 0 | |t 1947 Praha - cast 2 (11 min., 43 sek.) |
| 505 | 0 | 0 | |t 1947 Praha - cast 3 (16 min., 32 sek.) |
| 505 | 0 | 0 | |t 1947 Praha - cast 4 (14 min., 53 sek.) |
| 505 | 0 | 0 | |t 1947 Praha - cast 5 (13 min., 53 sek.) |
| 505 | 0 | 0 | |t 1947 Praha - cast 6 (16 min., 35 sek.) |
| 505 | 0 | 0 | |t 1947 Praha - cast 7 (23 min., 39 sek.) |
| 505 | 0 | 0 | |t 1947 Praha - cast 8 (10 min., 4 sek.) |
| 505 | 0 | 0 | |t 1947 Praha - cast 9 (7 min., 49 sek.) |
| 505 | 0 | 0 | |t 1947 Praha - cast 10 (12 min., 27 sek.) |
| 505 | 0 | 0 | |t 1947 Praha - cast 11 (21 min., 9 sek.) |
| 505 | 0 | 0 | |t 1947 Praha - cast 12 (9 min., 44 sek.) |
| 505 | 0 | 0 | |t 1947 Praha - cast 13 (9 min., 56 sek.) |
| 505 | 0 | 0 | |t 1947 Praha - cast 14 (13 min., 56 sek.) |
| 505 | 0 | 0 | |t 1947 Praha - cast 15 (19 min., 45 sek.) |
| 505 | 0 | 0 | |t 1947 Praha - cast 16 (18 min., 12 sek.) |
| 505 | 0 | 0 | |t 1948 Praha - cast 1 (12 min., 51 sek.) |
| 505 | 0 | 0 | |t 1948 Praha - cast 2 (10 min., 45 sek.) |
| 505 | 0 | 0 | |t 1948 Praha - cast 3 (3 min., 40 sek.) |
| 505 | 0 | 0 | |t 1948 Praha - cast 4 (5 min., 30 sek.) |
| 505 | 0 | 0 | |t 1948 Praha - cast 5 (5 min., 32 sek.) |
| 505 | 0 | 0 | |t 1948 Nova Hut u Dysiny, Domazlice, Ples - cast 1 (7 min., 24 sek.) |
| 505 | 0 | 0 | |t 1948 Nova Hut u Dysiny, Domazlice, Ples - cast 2 (2 min., 15 sek.) |
| 505 | 0 | 0 | |t 1948 Nova Hut u Dysiny, Domazlice, Ples - cast 3 (9 min., 7 sek.) |
| 505 | 0 | 0 | |t 1948 Nova Hut u Dysiny, Domazlice, Ples - cast 4 (8 min., 23 sek.) |
| 505 | 0 | 0 | |t 1950 Rezno - cast 1 (12 min., 39 sek.) |
| 505 | 0 | 0 | |t 1950 Rezno - cast 2 (10 min., 53 sek.) |
| 505 | 0 | 0 | |t 1950 Rezno - cast 3 (3 min., 37 sek.) |
| 505 | 0 | 0 | |t 1950 Rezno - cast 4 (11 min., 17 sek.) |
| 505 | 0 | 0 | |t 1950 Rezno - cast 5 (3 min., 39 sek.) |
| 505 | 0 | 0 | |t 1950 Rezno - cast 6 (2 min., 24 sek.) |
| 505 | 0 | 0 | |t 1955 Mnichov (14 min., 16 sek.) |
| 505 | 0 | 0 | |t 1991 Nova Hut u Dysiny (9 min., 55 sek.) |
| 910 | |a RBIT002 | ||
| 998 | |d 393701 |a https://core.palmknihy.cz/api/books/393701/cover?shcg5e |b https://core.palmknihy.cz/api/books/393701/cover/400?shcg5e |c https://core.palmknihy.cz/api/books/393701/cover/50?shcg5e |e 2033-12-31 |i 8594050437517 |l 33840 |q 49 |r 1 |s https://www.palmknihy.cz/kniha/393701 |t audiobook |y 2023 |z 0 | ||
| 999 | |d 313193 | ||